Представление документа в формате RUSMARC

ПолеНазваниеЗначение
  Тип записи a
  Библиографический уровень m
001 Контрольный номер admiBOOK00003251
005 Дата корректировки 20140508173922.2
010 Индекс ISBN __
a ISBN 5-8297-0171-5
100 Данные общей обработки __
a Данные общей обработки 19011227 |||y0 y0189 ca
101 Язык документа __
a Язык текста rus
105 Кодированные данные (монография) __
a Кодированные данные (монография) zy
200 Заглавие и сведения об ответственности 0_
a Заглавие Этнология
e Сведения, относящиеся к заглавию Учебник для студ. высш. учеб. заведений
205 Сведения об издании __
b Дополнительные сведения об издании Гриф МО РФ
210 Выходные данные __
a Место издания М
c Издательство Академия
d Дата издания 2000
215 Физическое описание __
a Объем 304с.
606 Тематические рубрики __
a Основная рубрика Этнография
610 Ключевые слова __
a Ключевые слова Этнология
a Ключевые слова Этнологические школы
a Ключевые слова Этнос
a Ключевые слова Этничность
a Ключевые слова Этническая картина мира
a Ключевые слова Этногенез
a Ключевые слова Этническая идентичность
675 Индекс УДК __
a Индекс УДК 39(075.8)
686 Индексы других классификаций __
a Классификационный индекс 63.5
700 Автор _1
a Фамилия Садохин
b Имя А.П.
701 Альтернативная интеллектуальная ответственность _1
a Фамилия Грушевицкая Т.Г.
852 Данные о местонахождении __
c Местонахождение стеллажа 63.5
j Шифр хранения 63.5
852 Данные о местонахождении __
b Сигла хранения ЧЗ_1
t Номер экземпляра 4
i Авторский знак С14
p Инвентарный номер 120868
p Инвентарный номер 120867
p Инвентарный номер 120866
p Инвентарный номер 119484
901 Тип документа __
t Тип документа m
911 __
u 952a=Учебник
938 Служебная информация __
a Название организации Саранский филиал
b Имя БД OUTPUT.MRC_Саранск
c Название АИБС АИБС Библиотека